[Event "Prague Summer op-B 3rd"]
[Site "Prague"]
[Date "2016.08.11"]
[Round "8"]
[White "Markus, Nico"]
[Black "Seidl, Vladislav"]
[Result "1/2-1/2"]
[WhiteElo "1761"]
[BlackElo "1556"]
[PlyCount "52"]
[EventDate "2016.08.05"]
[EventType "swiss"]
[EventRounds "9"]
[EventCountry "CZE"]
[SourceTitle "CBM 173 Extra"]
[Source "ChessBase"]
[SourceDate "2016.08.29"]
[SourceVersion "1"]
[SourceVersionDate "2016.08.29"]
[SourceQuality "1"]

1. e4 c5 2. c3 Nc6 3. d4 cxd4 4. cxd4 d6 5. Nc3 a6 6. Be2 Bd7 7. Nf3 g6 8. d5 Ne5 9. Nxe5 dxe5 10. Be3 Nf6 11. 0-0 Bg7 12. h3 0-0 13. Qd2 Ne8 14. f4 exf4 15. Bxf4 e5 16. dxe6 Bxe6 17. a3 Qa5 18. Rf3 Rd8 19. Qc2 Bd4+ 20. Kh1 Ng7 21. Rd1 Kh8 22. Rfd3 Bf6 23. Rxd8 Rxd8 24. Rxd8+ Qxd8 25. Qd2 b5 26. Qxd8+ Bxd8 1/2-1/2